000 00843cam a2200229 a 4500
001 708294
005 20180215092619.0
008 970421s1998 moua b 001 0 eng
010 _a 97016858
020 _a0815130910
040 _aDLC
_cDLC
_dDLC
041 _aeng
080 _a615.8515 EAR
082 0 0 _a615.8515 EAR
_221
100 _a8
101 _aEKFZ
245 0 0 _aPhysical dysfunction practice skills for the occupational therapy assistant /
_cedited by Mary Beth Early ; with editorial contributions from Lorraine Williams Pedretti.
504 _aIncludes bibliographical references and index.
906 _a7
_bcbc
_corignew
_d1
_eocip
_f19
_gy-gencatlg
942 _2ddc
_cBK
999 _c42707
_d42707